Looking at how genetic traits are inherited with graphic organizers / (Record no. 22659)
[ view plain ]
| 000 -LEADER | |
|---|---|
| fixed length control field | 01289cam a22003014a 4500 |
| 001 - CONTROL NUMBER | |
| control field | 14027406 |
| 005 - DATE AND TIME OF LATEST TRANSACTION | |
| control field | 20170124144700.0 |
| 008 - FIXED-LENGTH DATA ELEMENTS--GENERAL INFORMATION | |
| fixed length control field | 050706s2006 nyua b 001 0 eng |
| 010 ## - LIBRARY OF CONGRESS CONTROL NUMBER | |
| LC control number | 2005018972 |
| 020 ## - INTERNATIONAL STANDARD BOOK NUMBER | |
| International Standard Book Number | 1404206124 (library binding) |
| 040 ## - CATALOGING SOURCE | |
| Original cataloging agency | DLC |
| Transcribing agency | DLC |
| Modifying agency | DLC |
| 042 ## - AUTHENTICATION CODE | |
| Authentication code | pcc |
| 050 00 - LIBRARY OF CONGRESS CALL NUMBER | |
| Classification number | QH438.5 |
| Item number | .H38 2006 |
| 100 1# - MAIN ENTRY--PERSONAL NAME | |
| Personal name | Hayhurst, Chris. |
| 245 10 - TITLE STATEMENT | |
| Title | Looking at how genetic traits are inherited with graphic organizers / |
| Statement of responsibility, etc. | Chris Hayhurst. |
| 250 ## - EDITION STATEMENT | |
| Edition statement | 1st ed. |
| 260 ## - PUBLICATION, DISTRIBUTION, ETC. (IMPRINT) | |
| Place of publication, distribution, etc. | New York : |
| Name of publisher, distributor, etc. | The Rosen Pub. Group, |
| Date of publication, distribution, etc. | c2006. |
| 300 ## - PHYSICAL DESCRIPTION | |
| Extent | 48 p. : |
| Other physical details | col. ill. ; |
| Dimensions | 27 cm. |
| 440 #0 - SERIES STATEMENT/ADDED ENTRY--TITLE | |
| Title | Using graphic organizers to study the living environment |
| 504 ## - BIBLIOGRAPHY, ETC. NOTE | |
| Bibliography, etc | Includes bibliographical references (p. 45-46) and index. |
| 505 0# - FORMATTED CONTENTS NOTE | |
| Formatted contents note | The cell -- Cellular reproduction -- The gene's job -- The nature of inheritance -- Genetics and the future. |
| 650 #0 - SUBJECT ADDED ENTRY--TOPICAL TERM | |
| Topical term or geographic name as entry element | Heredity. |
| 650 #0 - SUBJECT ADDED ENTRY--TOPICAL TERM | |
| Topical term or geographic name as entry element | Genetics. |
| 856 41 - ELECTRONIC LOCATION AND ACCESS | |
| Materials specified | Table of contents |
| Uniform Resource Identifier | <a href="http://www.loc.gov/catdir/toc/ecip0515/2005018972.html">http://www.loc.gov/catdir/toc/ecip0515/2005018972.html</a> |
| 942 ## - ADDED ENTRY ELEMENTS (KOHA) | |
| Source of classification or shelving scheme | |
| Koha item type | Hard Covered Materials |
| Classification part | QH438.5 .H38 2006 |
| Withdrawn status | Lost status | Source of classification or shelving scheme | Damaged status | Not for loan | Home library | Current library | Shelving location | Date acquired | Source of acquisition | Total Checkouts | Full call number | Barcode | Date last seen | Price effective from | Koha item type |
|---|---|---|---|---|---|---|---|---|---|---|---|---|---|---|---|
| MACHAKOS UNIVERSITY LIBRARY | MACHAKOS UNIVERSITY LIBRARY | Technical section | 24/01/2017 | Donation(BFA) | QH438.5 .H38 2006 | 31874 | 05/07/2018 | 24/01/2017 | Hard Covered Materials |